<?xml version="1.0" encoding="UTF-8"?>
<record
    xmlns:xsi="http://www.w3.org/2001/XMLSchema-instance"
    xsi:schemaLocation="http://www.loc.gov/MARC21/slim http://www.loc.gov/standards/marcxml/schema/MARC21slim.xsd"
    xmlns="http://www.loc.gov/MARC21/slim">

  <leader>00992nam a2200181Ia 4500</leader>
  <datafield tag="952" ind1=" " ind2=" ">
    <subfield code="0">0</subfield>
    <subfield code="1">0</subfield>
    <subfield code="4">0</subfield>
    <subfield code="7">0</subfield>
    <subfield code="a">03</subfield>
    <subfield code="b">03</subfield>
    <subfield code="d">2001-05-15</subfield>
    <subfield code="l">1</subfield>
    <subfield code="o">QH308.2 G35 1997 V.1</subfield>
    <subfield code="p">03 005248</subfield>
    <subfield code="r">2015-04-16</subfield>
    <subfield code="s">2015-04-16</subfield>
    <subfield code="t">1</subfield>
    <subfield code="w">2012-07-20</subfield>
    <subfield code="y">LB</subfield>
  </datafield>
  <datafield tag="952" ind1=" " ind2=" ">
    <subfield code="0">0</subfield>
    <subfield code="1">0</subfield>
    <subfield code="4">0</subfield>
    <subfield code="7">0</subfield>
    <subfield code="a">03</subfield>
    <subfield code="b">03</subfield>
    <subfield code="d">2001-05-15</subfield>
    <subfield code="l">1</subfield>
    <subfield code="o">QH308.2 G35 1997 V.1</subfield>
    <subfield code="p">03 005249</subfield>
    <subfield code="r">2014-08-28</subfield>
    <subfield code="s">2014-08-28</subfield>
    <subfield code="t">2</subfield>
    <subfield code="w">2012-07-20</subfield>
    <subfield code="y">LB</subfield>
  </datafield>
  <datafield tag="999" ind1=" " ind2=" ">
    <subfield code="c">80749</subfield>
    <subfield code="d">80749</subfield>
  </datafield>
  <controlfield tag="008">120720s1997    mx a          000 0 spa d</controlfield>
  <datafield tag="020" ind1=" " ind2=" ">
    <subfield code="a">9701700511</subfield>
  </datafield>
  <datafield tag="050" ind1=" " ind2=" ">
    <subfield code="a">QH308.2 </subfield>
    <subfield code="b">G35 1997 V.1</subfield>
  </datafield>
  <datafield tag="100" ind1=" " ind2=" ">
    <subfield code="a">Gama Fuertes, Mar&#xED;a de los &#xC1;ngeles</subfield>
    <subfield code="d">autor</subfield>
  </datafield>
  <datafield tag="245" ind1=" " ind2=" ">
    <subfield code="a">Biolog&#xED;a I </subfield>
    <subfield code="b"> : nivel bachillerato</subfield>
    <subfield code="c"> / Mar&#xED;a de los Angeles Gama Fuertes</subfield>
  </datafield>
  <datafield tag="260" ind1=" " ind2=" ">
    <subfield code="a">M&#xE9;xico</subfield>
    <subfield code="b"> : Prentice Hall Hispanoamericana</subfield>
    <subfield code="c">, 1997</subfield>
  </datafield>
  <datafield tag="300" ind1=" " ind2=" ">
    <subfield code="a">xi, 182 p&#xE1;ginas</subfield>
    <subfield code="b"> : ilustraciones</subfield>
  </datafield>
  <datafield tag="500" ind1=" " ind2=" ">
    <subfield code="a">Incluye: lecturas adicionales sugeridas (p.165)
Incluye: glosario (pp. 167-176)
Incluye: &#xED;ndice (pp. 179-182)</subfield>
  </datafield>
  <datafield tag="505" ind1=" " ind2=" ">
    <subfield code="a">&#xBF;C&#xF3;mo se origin&#xF3; la vida, cu&#xE1;les son las caracter&#xED;sticas de los seres vivos y c&#xF3;mo se estudian?
&#xBF;Qu&#xE9; es la c&#xE9;lula, c&#xF3;mo funciona, c&#xF3;mo ha evolucionado y qu&#xE9; significado tiene para los seres vivos ?
&#xBF;C&#xF3;mo surge la diversidad de los seres vivos?</subfield>
  </datafield>
  <datafield tag="519" ind1=" " ind2=" ">
    <subfield code="a">Material Complementario /</subfield>
    <subfield code="d">(03 005248, 03 005249)</subfield>
  </datafield>
  <datafield tag="650" ind1=" " ind2="0">
    <subfield code="a">BIOLOGIA</subfield>
    <subfield code="x">ESTUDIO Y ENSE&#xD1;ANZA (SUPERIOR)</subfield>
  </datafield>
  <datafield tag="942" ind1=" " ind2=" ">
    <subfield code="2">lcc</subfield>
    <subfield code="c">LB</subfield>
  </datafield>
</record>
